| 000 | 01087nam a22002537a 4500 | ||
|---|---|---|---|
| 005 | 20170124103002.0 | ||
| 010 | _aA-495471 | ||
| 020 | _c50.00 | ||
| 035 | _aA-495471 | ||
| 037 | _bCen Lib/Ret | ||
| 040 |
_aDPL _bHN |
||
| 082 |
_aउ _bश्रीकृष्ण |
||
| 100 |
_aश्रीकृष्ण मायूस _942803 |
||
| 245 |
_aरिश्तों का रेगिस्तान / _cश्रीकृष्ण मायूस |
||
| 246 |
_aRishton ka registan / _bby Shrikrishan Mayoos |
||
| 260 |
_aदिल्ली _bराज पब्लिशिंग हाउस _c1990 |
||
| 270 |
_aपुराना सीलमपुर पूर्व _bदिल्ली _e110031 |
||
| 300 |
_a144पृ. _c18सेमी (सजिल्द) |
||
| 650 |
_a हिन्दी साहित्य _954862 |
||
| 650 |
_a हिन्दी साहित्य -- उपन्यास _946379 |
||
| 650 |
_aHindi literature _954863 |
||
| 650 |
_aHindi literature -- Fiction _954864 |
||
| 942 |
_2ddc _cHN _hउ _mश्रीकृष्ण |
||
| 999 |
_c114014 _d114014 |
||